00201nam a2200073Ia 4500008004100000100002100041245004000062260002500102170817s9999 xx 000 0 und d aSharma.Rajkumari 0aMadhymik Shiksha Aur Adhyapak Karya bRadha Prakashan Agra